LEADER 00998nam a2200253 i 4500 001 000000196194 003 CaOOAMICUS 005 20141030000000.0 008 141030s1936 it u000 u fre u 013 $a174875 040 $aSeMil$bita 100 1 $aBuzy, Denis.$0(OLS)http://semarc/name/50363 245 10$aSaint Joseph /$cpar Denis Buzy. 260 $aParis :$bLes Éditions du Cerf,$c1936. 300 $a141 p., [4] c. di tav. :$bill. ;$c20 cm. 500 $aFondo card. Giovanni Colombo. 650 4$aGiuseppe .$0(OLS)http://semarc/subject/808 773 0 $tCahiers de la Vierge.$dParis : Les Éditions du Cerf, [193-?]$g19$w()30849 850 $aSeMil 852 $aSeMil$W1$xVenegono$y1$m3GC III 126$j146757$B146757$CSeMilBibl$Z2$F158195 $8B 941 1 $a3 961 $aLascito: Colombo Card. Giovanni 996 $6245$aSaint Joseph$9(OLS)http://semarc/title/274008 996 $6260$aParis :$bLes Éditions du Cerf$9(OLS)http://semarc/publisher/29611 LEADER 01325nam a2200205 i 4500 001 000000197906 003 CaOOAMICUS 005 20110222000000.0 008 110222s1582 it u000 u ita u 013 $a176594 040 $aSeMil$bita 245 10$aParadiso de' Giesuati, nel quale si racconta l'origine dell'Ordine de' Giesuati di San Girolamo, et la vita del Beato Giovanni Colombini fondatore di esso Ordine ... nuovamente corretto, rifinito et ampliato .. 260 $aVenezia :$bpresso Domenico et Giovan Battista Guerra fratelli,$c1582. 300 $a15 x 19 ;$cpp. 560 ;$crom. 500 $aDescrizione da : Incunaboli e Cinquecentine della Biblioteca del Seminario di Milano / catalogo a cura di Ubaldo Valentini, Milano 1981. - Numero di catalogo : 1135. 700 1 $aMorigia, Paolo,$d<1525-1604>.$0(OLS)http://semarc/name/38237 850 $aSeMil 852 $aSeMil$W1$xVenegono$y1$mFV.F I 28$j148462$B148462$CSeMilBibl$Z2$F159905 $86 996 $6245$aParadiso de' Giesuati, nel quale si racconta l'origine dell'Ordine de' Giesuati di San Girolamo, et la vita del Beato Giovanni Colombini fondatore di esso Ordine ... nuovamente corretto, rifinito et ampliato ..$9(OLS)http://semarc/title/285853 996 $6260$aVenezia :$bpresso Domenico et Giovan Battista Guerra fratelli$9(OLS)http://semarc/publisher/51080